000
00240nam a2200097Ia 4500
001
719430
005
20250826163043.0
008
250824s9999 xx 000 0 und d
245
0
_a
ÖLÜM DALGALARI
_c
AGATHA CHRISTIE
260
_b
ALTIN KİTAPLAR
999
_c
719430
_d
719430